Education : (Record no. 126451)

MARC details
000 -LEADER
fixed length control field 00662nam a22002177a 4500
005 - DATE AND TIME OF LATEST TRANSACTION
control field 20170124110010.0
010 ## - LIBRARY OF CONGRESS CONTROL NUMBER
LC control number A-777161
020 ## - INTERNATIONAL STANDARD BOOK NUMBER
Terms of availability 00.00
035 ## - SYSTEM CONTROL NUMBER
System control number A-777161
037 ## - SOURCE OF ACQUISITION
Source of stock number/acquisition Cen Lib/Ret
040 ## - CATALOGING SOURCE
Original cataloging agency DPL
Language of cataloging EN
082 ## - DEWEY DECIMAL CLASSIFICATION NUMBER
Classification number 370
Item number DEV
100 ## - MAIN ENTRY--PERSONAL NAME
Personal name Devanesen, Chandran D.S.
9 (RLIN) 17546
245 ## - TITLE STATEMENT
Title Education :
Statement of responsibility, etc by Chandran D.S. Devanesen
Remainder of title retrospect and prospect /
260 ## - PUBLICATION, DISTRIBUTION, ETC. (IMPRINT)
Place of publication, distribution, etc Madras
Name of publisher, distributor, etc Roofs For The Roofless
Date of publication, distribution, etc 1987
270 ## - ADDRESS
Address Flat 5, Manonmaniammal Road, Kilpauk
City Madras
Postal code 600010
300 ## - PHYSICAL DESCRIPTION
Extent xiv,210p.
Dimensions 21cm(Hb)
650 ## - SUBJECT ADDED ENTRY--TOPICAL TERM
Topical term or geographic name as entry element Career education
9 (RLIN) 17547
650 ## - SUBJECT ADDED ENTRY--TOPICAL TERM
Topical term or geographic name as entry element Education--policy
9 (RLIN) 16520
942 ## - ADDED ENTRY ELEMENTS (KOHA)
Source of classification or shelving scheme Dewey Decimal Classification
Koha item type English Books
Classification part 370
Call number suffix DEV
Holdings
Withdrawn status Lost status Damaged status Not for loan Home library Current library Date acquired Source of acquisition Cost, normal purchase price Total Checkouts Full call number Barcode Date last seen Copy number Cost, replacement price Price effective from Koha item type Public note
Written off       Central Library Central Library 25/06/2015 Cen Lib/Ret 0.00   370 DEV A-777161 25/06/2015 1 0.00 25/06/2015 English Books W/d List No.-3301/19

© Delhi Public Library
Hit Counter
free hit counter